<?xml version="1.0" encoding="UTF-8"?>
<record
    xmlns:xsi="http://www.w3.org/2001/XMLSchema-instance"
    xsi:schemaLocation="http://www.loc.gov/MARC21/slim http://www.loc.gov/standards/marcxml/schema/MARC21slim.xsd"
    xmlns="http://www.loc.gov/MARC21/slim">

  <leader>00611nam a22002057a 4500</leader>
  <datafield tag="999" ind1=" " ind2=" ">
    <subfield code="c">358055</subfield>
    <subfield code="d">358055</subfield>
  </datafield>
  <controlfield tag="003">IT-MiCISF</controlfield>
  <controlfield tag="005">20181113165103.0</controlfield>
  <controlfield tag="008">181113b           ||||| |||| 00| 0 eng d</controlfield>
  <datafield tag="040" ind1=" " ind2=" ">
    <subfield code="c">IT-MiCISF</subfield>
  </datafield>
  <datafield tag="041" ind1=" " ind2=" ">
    <subfield code="a">it</subfield>
  </datafield>
  <datafield tag="100" ind1=" " ind2=" ">
    <subfield code="a">Cerisola Vignale Marilena (et al.)</subfield>
    <subfield code="9">57446</subfield>
  </datafield>
  <datafield tag="245" ind1=" " ind2=" ">
    <subfield code="a">Affari di famiglia</subfield>
    <subfield code="b">Scelte e politiche per il futuro</subfield>
  </datafield>
  <datafield tag="260" ind1=" " ind2=" ">
    <subfield code="a">Imperia</subfield>
    <subfield code="b">Pro Familia</subfield>
    <subfield code="c">2003</subfield>
  </datafield>
  <datafield tag="300" ind1=" " ind2=" ">
    <subfield code="a">pp. 47</subfield>
  </datafield>
  <datafield tag="500" ind1=" " ind2=" ">
    <subfield code="a">politica-familiare, associazionismo</subfield>
  </datafield>
  <datafield tag="650" ind1=" " ind2=" ">
    <subfield code="a">politica-familiare</subfield>
    <subfield code="9">56074</subfield>
  </datafield>
  <datafield tag="654" ind1=" " ind2=" ">
    <subfield code="a">atti</subfield>
  </datafield>
  <datafield tag="700" ind1=" " ind2=" ">
    <subfield code="a">Scotto S.</subfield>
    <subfield code="a">Santolini L.</subfield>
    <subfield code="a">Morgillo L.</subfield>
    <subfield code="a">Falciola N.</subfield>
    <subfield code="9">57452</subfield>
  </datafield>
  <datafield tag="942" ind1=" " ind2=" ">
    <subfield code="2">ddc</subfield>
    <subfield code="c">BK</subfield>
  </datafield>
  <datafield tag="952" ind1=" " ind2=" ">
    <subfield code="0">0</subfield>
    <subfield code="1">0</subfield>
    <subfield code="2">ddc</subfield>
    <subfield code="4">0</subfield>
    <subfield code="6">DD_40_000000000000000</subfield>
    <subfield code="7">1</subfield>
    <subfield code="a">CISF</subfield>
    <subfield code="b">CISF</subfield>
    <subfield code="d">2018-11-13</subfield>
    <subfield code="l">0</subfield>
    <subfield code="o">dd40</subfield>
    <subfield code="r">2018-11-13 00:00:00</subfield>
    <subfield code="w">2018-11-13</subfield>
    <subfield code="y">BK</subfield>
  </datafield>
</record>
